The hour of god : (Record no. 132399)

MARC details
000 -LEADER
fixed length control field 00787nam a22002537a 4500
003 - CONTROL NUMBER IDENTIFIER
control field 0
005 - DATE AND TIME OF LATEST TRANSACTION
control field 20180806114453.0
008 - FIXED-LENGTH DATA ELEMENTS--GENERAL INFORMATION
fixed length control field 0
010 ## - LIBRARY OF CONGRESS CONTROL NUMBER
LC control number A-828952
020 ## - INTERNATIONAL STANDARD BOOK NUMBER
Terms of availability 200.00
International Standard Book Number 8172018886
035 ## - SYSTEM CONTROL NUMBER
System control number A-828952, A-828953
037 ## - SOURCE OF ACQUISITION
Source of stock number/acquisition Cen Lib/Ret
040 ## - CATALOGING SOURCE
Original cataloging agency DPL
Language of cataloging EN
Transcribing agency 0
082 ## - DEWEY DECIMAL CLASSIFICATION NUMBER
Classification number 181.499
Item number AUR
100 ## - MAIN ENTRY--PERSONAL NAME
Personal name Aurobindo,Sri
9 (RLIN) 12069
245 ## - TITLE STATEMENT
Title The hour of god :
Statement of responsibility, etc by Sri Aurobindo; compiled by Manoj Das
Remainder of title selections from his writings /
260 ## - PUBLICATION, DISTRIBUTION, ETC. (IMPRINT)
Place of publication, distribution, etc New Delhi
Name of publisher, distributor, etc Sahitya akademi
Date of publication, distribution, etc 1995
270 ## - ADDRESS
City New Delhi
Address Rabindra bahvan, 35 Ferozshah road
Postal code 110001
300 ## - PHYSICAL DESCRIPTION
Extent x,334p.
Dimensions 23cm(Hb)
650 ## - SUBJECT ADDED ENTRY--TOPICAL TERM
Topical term or geographic name as entry element Philosophy
9 (RLIN) 34591
650 ## - SUBJECT ADDED ENTRY--TOPICAL TERM
Topical term or geographic name as entry element Philosophy
General subdivision Social and political aspects
9 (RLIN) 34592
700 ## - ADDED ENTRY--PERSONAL NAME
Personal name Das, Manoj
9 (RLIN) 34549
942 ## - ADDED ENTRY ELEMENTS (KOHA)
Source of classification or shelving scheme Dewey Decimal Classification
Koha item type English Books
Classification part 181.499
Call number suffix AUR
Holdings
Withdrawn status Lost status Damaged status Not for loan Home library Current library Date acquired Source of acquisition Cost, normal purchase price Total Checkouts Full call number Barcode Date last seen Copy number Cost, replacement price Price effective from Koha item type Public note Source of classification or shelving scheme Collection code
Written off       Central Library Central Library 22/07/2015 Cen Lib/Ret 200.00   181.499 AUR A-828952 22/07/2015 1 200.00 22/07/2015 English Books W/d list no. 6803/14    
        Patel Nagar Patel Nagar 06/08/2018 BPPD/PUB 200.00   181.499 AUR A-828953 06/08/2018   200.00 06/08/2018 English Books   Dewey Decimal Classification Non-fiction

© Delhi Public Library
Hit Counter
free hit counter